Financovanie malých a stredných podnikov bakalárska práca

Uložené v:
Podrobná bibliografia
Hlavný autor: Blahová, Viera
Korporativný autor: Fakulta podnikového manažmentu EU. Katedra podnikových financií
Ďalší autori: Bešinová, Zuzana
Médium: Kniha
Jazyk:Slovak
Vydavateľské údaje: Bratislava 2010
Tagy: Pridať tag
Žiadne tagy, Buďte prvý, kto otaguje tento záznam!

MARC

LEADER 00000nbm a2200000 4500
001 0133367
005 20161109111522.1
041 0 |a slo 
044 |a SK 
245 1 0 |a Financovanie malých a stredných podnikov  |b bakalárska práca  |c Viera Blahová ; školiteľ: Zuzana Bešinová 
264 1 |a Bratislava  |c 2010 
300 |a 44 s. 
100 1 |a Blahová, Viera 
700 1 |a Bešinová, Zuzana 
710 2 |a Fakulta podnikového manažmentu EU. Katedra podnikových financií